Internext revista eletrônica de negócios internacionais da ESPM.

"InternexT, Revista Eletrônica de Negócios Internacionais Internext, Electronic Journal of International Business, is published three times a year by the Programa de Mestrado em Gestão Internacional da ESPM -- Escola Superior de Publicidade e Marketing - Master in International Management Programme...

Descripción completa

Detalles Bibliográficos
Autor Corporativo: Escola Superior de Propaganda e Marketing. Programa de Mestrado em Gestão Internacional
Formato: Electrónico Revista
Lenguaje:portugués
inglés
español
Publicado: São Paulo, SP : Programa de Mestrado em Gestão Internacional da ESPM, Escola Superior de Propaganda e Marketing, [2006]-
Materias:
Acceso en línea:Full text available from Research Library: 01/01/2006 to present

MARC

LEADER 00000nas a2200000 i 4500
001 ssj0000603389
003 WaSeSS
005 20200512172242.0
006 m d
007 cr n
008 110826c20069999bl tr p s 0 0por c
010 |a  2014267035 
022 |a 1980-4865  |l 1980-4865 
035 |a (WaSeSS)ssj0000603389 
040 |a Nz  |b eng  |e pn  |c Z5A  |d OCLCF  |d DOS  |d OCLCO  |d SELUL  |d CUS  |d OCLCQ  |d OCLCA  |d U3W  |d WaSeSS 
041 0 |a por  |a eng  |a spa 
042 |a pcc 
043 |a s-bl--- 
050 4 |a HD62.4  |b .I585 
210 1 |a Internext 
222 0 |a Internext 
245 0 0 |a Internext  |h [electronic resource] :  |b revista eletrônica de negócios internacionais da ESPM. 
246 1 |a Revista eletrônica de negócios internacionais da ESPM 
246 1 |a Negócios internacionais 
246 1 |a Review of international business 
246 1 |a Electronic journal of international business 
260 |a São Paulo, SP :  |b Programa de Mestrado em Gestão Internacional da ESPM, Escola Superior de Propaganda e Marketing,  |c [2006]- 
310 |a Three times a year,  |b 2013- 
321 |a Semiannual,  |b 2006-2012 
362 1 |a Began with v. 1, n. 1 (Jul./Dez. 2006). 
506 |a License restrictions may limit access. 
520 |a "InternexT, Revista Eletrônica de Negócios Internacionais Internext, Electronic Journal of International Business, is published three times a year by the Programa de Mestrado em Gestão Internacional da ESPM -- Escola Superior de Publicidade e Marketing - Master in International Management Programme of ESPM -- Superior School of Advertising and Marketing - and it constitutes itself as an editorial space which is open to the whole national and international scientific community that is interested in the discussion of questions related to the development of this domain in Brazil. The journal focuses on publications of researches and reflections in the area of International Business, with topics that cross the various areas of management: strategy, finances, people management, organisational studies, among others. Our editors dedicate their prestige to the seriousness of the work of the journal, and our scientific committee works within the academic proceedings in order to assure the quality of the published articles, of the referees' reports which are sent to the authors, of the interest and of the innovation and of the reliable source of the research the readers are provided with. With this initiative, we hope to render a significant service to the scientific community and to be up to the mark of our institution."--Focus and scope. 
546 |a Articles chiefly in Portuguese, with some articles in English or Spanish; some articles also have abstracts and keywords in English. 
588 |a Description based on: V. 1, n. 1 (Jul./Dez. 2006); title from PDF caption (publisher's Web site, viewed August 7, 2014). 
588 |a Latest issue consulted: V. 9, n. 1 (jan./abr. 2014) (publisher's Web site, viewed August 7, 2014). 
650 0 |a International business enterprises  |x Management  |v Periodicals. 
650 0 |a Industrial management  |z Brazil  |v Periodicals. 
650 7 |a Industrial management.  |2 fast  |0 (OCoLC)fst00971246 
650 7 |a International business enterprises  |x Management.  |2 fast  |0 (OCoLC)fst00976812 
651 7 |a Brazil.  |2 fast  |0 (OCoLC)fst01206830 
655 0 |a Electronic journals. 
710 2 |a Escola Superior de Propaganda e Marketing.  |b Programa de Mestrado em Gestão Internacional. 
856 4 0 |z Full text available from Research Library: 01/01/2006 to present  |u https://search.proquest.com/publication/2046360